Nalaganje...

Mishel Fooco: Varthamaanathinte charithram /

Bibliografske podrobnosti
Glavni avtor: Raveendran, P. P.
Format: Printed Book
Jezik:Malayalam
Izdano: Thiruvananthapuram : State Institute of Languages , 1998.
LEADER 00565nam a2200157Ia 4500
008 150624b xxu||||| |||| 00| | mal d
020 |a 8176380628 
082 |a 194.F 
100 |a Raveendran, P. P. 
245 |c P. P. Raveendran  |a Mishel Fooco:  |b  Varthamaanathinte charithram / 
260 |a Thiruvananthapuram :  |b State Institute of Languages ,  |c 1998. 
300 |a 109 p. 
546 |a In Malayalam. 
942 |c BK 
999 |c 85116  |d 85116 
952 |0 0  |1 0  |2 ddc  |4 0  |6 194F_RAV_M  |7 0  |9 85060  |a UL  |b UL  |c ST1  |d 2005-11-21  |e SIL   |l 14  |m 4  |o 194F RAV/M  |p 79476  |r 2020-02-01  |s 2020-01-25  |v 42.00  |y BK